|
|
|
|
| LEADER |
00884nam a22002412i 4500 |
| 001 |
000446179 |
| 003 |
CZ BrMZK |
| 005 |
20160519144714.0 |
| 007 |
ta |
| 008 |
990305s1985 gw f f ger d |
| 040 |
|
|
|a BOA001
|b cze
|e rda
|
| 100 |
1 |
|
|a Janski, Gisela
|4 dis
|
| 245 |
1 |
0 |
|a Untersuchungen zur Bestattungssitte während der Hallstatt- und Latemezeit im Gebiet des südlichen Oberrheingrabens /
|c Gisela Janski
|
| 264 |
|
1 |
|a Freiburg :
|b G. Janski,
|c 1985
|
| 300 |
|
|
|a 280 stran, přílohy
|
| 336 |
|
|
|a text
|b txt
|2 rdacontent
|
| 337 |
|
|
|a bez média
|b n
|2 rdamedia
|
| 338 |
|
|
|a svazek
|b nc
|2 rdacarrier
|
| 502 |
|
|
|a Disertace--Universität Freiburg im Breisgau, 1985
|
| 710 |
2 |
|
|a Universität Freiburg im Breisgau
|7 ko2002150445
|4 isb
|
| 910 |
|
|
|a BOA001
|b M2-0904.544
|
| 990 |
|
|
|a BK
|
| 996 |
7 |
|
|b 2619765877
|c M2-0904.544
|l MZK
|r Sklad / do 24 hodin
|n 2
|w 000446179
|u 000010
|a 1
|e BOA001
|j MZK50
|s A
|